| 000 | 00471nam a22001577a 4500 | ||
|---|---|---|---|
| 003 | MACL | ||
| 005 | 20241019140705.0 | ||
| 008 | 241019b |||||||| |||| 00| 0 eng d | ||
| 040 | _cMACL | ||
| 082 |
_a370 _bEducation |
||
| 100 |
_aJha, Deepak _982563 |
||
| 245 | _aCTET central teacher eligibility test SOLVED PAPERS 2024-2025 PAPER 2 SOCIAL SCIENCE/STUDIES CLASS VI-VIII (JUNIOR LEVEL) | ||
| 260 |
_bARIHANT _c2024 _aNew Delhi |
||
| 650 | _aEDUCATION | ||
| 942 |
_2ddc _cBK |
||
| 999 |
_c67138 _d67138 |
||